| 000 | 00492nam a2200205Ia 4500 | ||
|---|---|---|---|
| 003 | OSt | ||
| 005 | 20240306093632.0 | ||
| 008 | 210210b1988 xxu||||| |||| 00| 0 eng d | ||
| 020 | _a0 273 02665 8 | ||
| 040 | _cAL | ||
| 041 | _aEnglish | ||
| 082 | _a651.374 HARS | ||
| 100 |
_aHARRISON (John). _9153111 |
||
| 245 | _aSecretarial duties | ||
| 260 |
_aLondon. _bPitman Publishers, _c1988 |
||
| 300 | _axv,351 | ||
| 690 |
_aOffice Management _9153113 |
||
| 906 | _a045598 | ||
| 942 |
_2ddc _cBK |
||
| 999 |
_c94737 _d94737 |
||